[Event "Passau op 8th"]
[Site "Passau"]
[Date "2000.04.21"]
[Round "2"]
[White "Haefele, Arndt"]
[Black "Stadler, Simon"]
[Result "0-1"]
[WhiteElo "1540"]
[BlackElo "1850"]
[PlyCount "155"]
[EventDate "2000.04.21"]
[EventType "swiss"]
[EventRounds "7"]
[EventCountry "GER"]
[SourceTitle "CBM 076 Extra"]
[Source "ChessBase"]
[SourceDate "2000.07.11"]
[SourceVersion "1"]
[SourceVersionDate "2000.07.11"]
[SourceQuality "1"]

1. f4 c5 2. b3 Nc6 3. Nf3 d6 4. Bb2 Bg4 5. e3 Qc7 6. Bb5 Nf6 7. 0-0 a6 8. Bxc6+ Qxc6 9. d3 e6 10. Nbd2 Be7 11. Qe1 0-0-0 12. a4 Bxf3 13. Rxf3 d5 14. e4 d4 15. a5 Nd7 16. Nc4 f6 17. c3 e5 18. f5 Bd6 19. b4 dxc3 20. Bxc3 cxb4 21. Bxb4 Bxb4 22. Qxb4 Qc5+ 23. Qxc5+ Nxc5 24. Ra3 Kb8 25. Nb6 Rd4 26. Rc3 Na4 27. Nxa4 Rxa4 28. Rc5 Rc8 29. Rd5 Rc1+ 30. Rf1 Rc2 31. Rf2 Ra1+ 32. Rf1 Raa2 33. Rb1 Rxg2+ 34. Kf1 Rxh2 35. Kg1 Rag2+ 36. Kf1 Rc2 37. Kg1 Rhg2+ 38. Kf1 Rgd2 39. Rd7 Rc7 40. Rd6 Rdc2 41. Ke1 h5 42. Rd8+ Rc8 43. Rd7 R8c7 44. Rd6 Rc1+ 45. Rxc1 Rxc1+ 46. Kf2 Kc7 47. Re6 Kd7 48. Rb6 Kc8 49. Re6 Rc5 50. Re7 Rxa5 51. Rxg7 Rc5 52. Rg8+ Kc7 53. Rg7+ Kb6 54. Rg6 Rc6 55. d4 Kc7 56. dxe5 fxe5 57. Rg7+ Kb6 58. Rg6 Kc5 59. Rg5 Kd4 60. Rg6 Rc2+ 61. Kf1 Kxe4 62. f6 Rc8 63. f7 Rf8 64. Rf6 a5 65. Kg2 a4 66. Kg3 a3 67. Rf1 a2 68. Ra1 Rxf7 69. Rxa2 Rf3+ 70. Kh4 Rb3 71. Kxh5 Kf3 72. Ra8 e4 73. Rf8+ Ke2 74. Kg4 e3 75. Rf3 Kd2 76. Kf4 Rb4+ 77. Kg3 e2 78. Rf2 0-1